000 00779nam a2200241 i 4500
001 13840
003 ES-MaACL
005 20250804062729.0
007 t|
008 980710s1979 fr ||||1| fre d
020 _a2-02-005208-3
080 _a1
100 1 _aGuérin, Michel.
_960467
245 1 3 _aLe génie du philosophe
_b: défense et illustration de la métaphysique en réponse a quelques anti- et nanti-philosophes (dits "nouveaux") /
_cMichel Guérin.
260 _aParis :
_bEditions du Seuil,
_c1979.
300 _a159 p. ;
_c21 cm.
490 1 _aL'ordre philosophique
650 1 7 _aFilosofía
_2embne
_912802
650 1 4 _aFilósofos.
_912863
830 0 _aL'ordre philosophique
_9177512
852 _aES-MaACL
_jL-21324
_bR.113568
999 _c13840
_d13840